[Event "74th Tata Steel GMB"]
[Site "Wijk aan Zee NED"]
[Date "2012.01.29"]
[Round "13"]
[White "Vocaturo,D"]
[Black "Lahno,Kateri"]
[Result "1/2-1/2"]
[WhiteElo "2545"]
[BlackElo "2557"]

1.e4 c5 2.Nf3 d6 3.d4 cxd4 4.Nxd4 Nf6 5.Nc3 a6 6.Be3 e6 7.Be2 Nbd7 8.f4 b5
9.Bf3 Bb7 10.e5 Bxf3 11.Nxf3 dxe5 12.fxe5 Ng4 13.Bd4 Qc7 14.Qe2 Bc5 15.Bxc5 Qxc5
16.O-O-O Qe3+ 17.Rd2 Qxe2 18.Rxe2 Nc5 19.h3 Nh6 20.g4 Ke7 21.b4 Nd7 22.Rd1 Nb6
23.Nd4 Rhc8 24.Ne4 Nd5 25.Nd6 Nc3 26.Nxc8+ Rxc8 27.Re3 Nxd1 28.Kxd1 Rc4 29.c3 Ng8
30.Nb3 Ke8 31.Nc5 Ne7 32.Kd2 Nd5 33.Rd3 Rf4 34.Kc2 Rf2+ 35.Kb3 Re2 36.Nxa6 Rxe5
37.a4 bxa4+ 38.Kxa4 Re1 39.Kb5 Ra1 40.Nc5 Rb1 41.Kc6 Rc1 42.Rxd5 exd5 43.b5 Rxc3
44.b6 Rc1 45.b7 Rb1 46.Na4 Rxb7 47.Kxb7 Ke7 48.Nc5 Kf6 49.Nd3 h5 50.Kc6 hxg4
51.hxg4 Kg5 52.Kxd5 Kxg4  1/2-1/2

[Event "European Ind w 2012"]
[Site "Gaziantep TUR"]
[Date "2012.03.02"]
[Round "1"]
[White "Mamedjarova,Z"]
[Black "Lahno,Kateri"]
[Result "1/2-1/2"]
[WhiteElo "2321"]
[BlackElo "2546"]

1.d4 Nf6 2.Nf3 g6 3.Nbd2 c5 4.c3 cxd4 5.cxd4 Bg7 6.e4 O-O 7.Bd3 d6 8.O-O Nc6
9.Re1 Bd7 10.Nb3 a5 11.d5 Nb4 12.Bf1 Ba4 13.Bd2 Ng4 14.Bc3 Qb6 15.Bd4 Bxd4
16.Qxd4 Qxd4 17.Nbxd4 Rfc8 18.Rec1 Ne5 19.Nxe5 dxe5 20.Nf3 f6 21.Nd2 Nc2
22.Rab1 Nd4 23.Nc4 Bc2 24.Nb6 Bxb1 25.Nxc8 Bc2 26.Nxe7+ Kf8 27.d6 Rd8 28.f3 Rxd6
29.Nd5 Rc6 30.Nc3 Rb6 31.Nb5 Rc6 32.Nc3 Rb6 33.Nb5 Rc6 34.Nc3  1/2-1/2

[Event "European Ind w 2012"]
[Site "Gaziantep TUR"]
[Date "2012.03.03"]
[Round "2"]
[White "Lahno,Kateri"]
[Black "Savina,A"]
[Result "1/2-1/2"]
[WhiteElo "2546"]
[BlackElo "2325"]

1.d4 Nf6 2.c4 g6 3.Nc3 Bg7 4.e4 d6 5.Nf3 O-O 6.Be2 e5 7.O-O Nc6 8.Be3 Ng4
9.Bg5 f6 10.Bc1 exd4 11.Nxd4 Nxd4 12.Qxd4 f5 13.Qd5+ Kh8 14.Bxg4 fxg4 15.Be3 c6
16.Qd3 Be5 17.Bd4 Qh4 18.Bxe5+ dxe5 19.Qd6 Qf6 20.Qxf6+ Rxf6 21.Rad1 Be6
22.b3 Kg7 23.Ne2 Rff8 24.Rd6 Kf6 25.Rfd1 Ke7 26.Nc1 a5 27.a4 Rf4 28.Nd3 Kxd6
29.Nxf4+ Ke7 30.Nxe6 Kxe6 31.Kf1 b6 32.Ke2 Ke7 33.Ke3 Rd8 34.Rxd8 Kxd8 35.c5 bxc5
36.Kd3 Kd7 37.Kc4 Kd6 38.Kc3 Ke6 39.Kd3 Ke7 40.Kc4 Kd6 41.Kc3 Ke6  1/2-1/2

[Event "European Ind w 2012"]
[Site "Gaziantep TUR"]
[Date "2012.03.06"]
[Round "5"]
[White "Sandu,Mi"]
[Black "Lahno,Kateri"]
[Result "0-1"]
[WhiteElo "2253"]
[BlackElo "2546"]

1.e4 c5 2.Nf3 Nc6 3.d4 cxd4 4.Nxd4 Qc7 5.Nc3 e6 6.Nxc6 bxc6 7.Bd3 Nf6 8.O-O d5
9.Re1 Be7 10.Qf3 O-O 11.Bd2 d4 12.Ne2 e5 13.h3 c5 14.b3 a5 15.Ng3 a4 16.Nf5 Bxf5
17.Qxf5 Nd7 18.Bb5 Nb6 19.c4 Ra7 20.Qf3 Rfa8 21.Rad1 axb3 22.axb3 Ra2 23.Bc1 Rc2
24.Rd2 Rxc1 25.Rxc1 Bg5 26.Rcd1 Bxd2 27.Rxd2 Nc8 28.Qg3 Nd6 29.Qd3 Qb7 30.Ba4 Qxe4
31.Qxe4 Nxe4 32.Rd3 Nc3 33.Bc6 Ra6  0-1

[Event "European Ind w 2012"]
[Site "Gaziantep TUR"]
[Date "2012.03.07"]
[Round "6"]
[White "Lahno,Kateri"]
[Black "Ziaziulkina,N"]
[Result "1-0"]
[WhiteElo "2546"]
[BlackElo "2343"]

1.c4 Nf6 2.Nc3 e5 3.Nf3 Nc6 4.g3 Bb4 5.Bg2 d6 6.O-O O-O 7.Nd5 Bc5 8.d4 Nxd4
9.Bg5 Nxf3+ 10.Bxf3 c6 11.Nxf6+ gxf6 12.Bh4 Kg7 13.e4 Be6 14.Bg4 Qd7 15.h3 d5
16.cxd5 cxd5 17.Rc1 b6 18.Qf3 Be7 19.Bxe6 fxe6 20.Qg4+ Kh8 21.exd5 f5 22.dxe6 Qxe6
23.Qh5 Bxh4 24.Qxh4 Rf7 25.Rfd1 Rg8 26.Rd8 Qe7 27.Rxg8+ Kxg8 28.Qh6 Qd7 29.Rc6 e4
30.Rd6 Qe7 31.Qd2 f4 32.gxf4 Qh4 33.Rd8+ Kg7 34.Rd7 Qf6 35.Rxf7+ Kxf7 36.Qd5+ Kf8
37.Qxe4 Qxb2 38.Qa8+ Kg7 39.Qxa7+ Kg6 40.Qa4 Kf5 41.Qd7+ Ke4 42.Qe6+ Kd3
43.Qe3+ Kc4 44.Qe4+ Kc5 45.Qe5+  1-0

[Event "European Ind w 2012"]
[Site "Gaziantep TUR"]
[Date "2012.03.10"]
[Round "8"]
[White "Lahno,Kateri"]
[Black "Danielian,E"]
[Result "1/2-1/2"]
[WhiteElo "2546"]
[BlackElo "2478"]

1.e4 e6 2.d4 d5 3.e5 c5 4.c3 Nc6 5.Nf3 Bd7 6.Be2 f6 7.O-O fxe5 8.dxe5 Qc7
9.Bf4 Nh6 10.c4 d4 11.Nbd2 Nf7 12.Ne4 Be7 13.Bg3 O-O-O 14.a3 g5 15.Ne1 Ncxe5
16.Nd3 Bc6 17.Nexc5 Bxc5 18.Nxc5 Qe7 19.Nd3 Nxd3 20.Bxd3 h5 21.Re1 e5 22.h3 g4
23.h4 e4 24.b4 b6 25.c5 Kb7 26.cxb6 Nd6 27.Rc1 Rc8 28.b5 Nxb5 29.Rxc6 Kxc6
30.Bxe4+ Kxb6 31.a4 Nc3 32.Qxd4+ Qc5 33.a5+ Ka6 34.Qf6+ Kxa5 35.Ra1+ Na4
36.Bd3 Qc6 37.Qd4 Rhd8 38.Qxa7+ Kb4 39.Bb5 Qc1+ 40.Rxc1 Rxc1+ 41.Kh2 Kxb5
42.Qb7+ Nb6 43.Bc7 Rxc7 44.Qxc7 Rd5 45.Kg3 Rd3+ 46.f3 gxf3 47.Qh7 Rd5 48.Kxf3 Nd7
49.Qg7 Kc6 50.Kf4 Rc5 51.g4 Rc4+ 52.Kf5 Rxg4 53.Qh6+ Kc7 54.Qxh5 Rc4 55.Kg6 Rc5
56.Qe2 Re5 57.Qc4+ Kd8 58.h5 Ke7 59.Qf7+ Kd6 60.h6 Re4 61.Qf5 Re6+ 62.Kg5 Re1
63.h7 Rg1+ 64.Kh6 Rh1+ 65.Kg7 Rg1+ 66.Kf7 Ne5+ 67.Qxe5+ Kxe5 68.h8=Q+ Ke4
69.Kf6 Rf1+ 70.Ke6 Rf4 71.Qa8+ Kd4 72.Qd5+ Ke3 73.Ke5 Rh4 74.Qb3+ Kf2 75.Qd3 Rh8
76.Qd2+ Kf3 77.Qf4+ Ke2 78.Qf7 Rh4 79.Qb3 Rh8 80.Kf4 Rh4+ 81.Kg3 Rd4 82.Qb2+ Ke3
83.Qc2 Rd5 84.Qf2+ Kd3 85.Kf4 Kc4 86.Ke4 Rd6 87.Qf7+ Kc5 88.Qc7+ Rc6 89.Qa5+ Kd6
90.Qd8+ Kc5 91.Qd4+ Kb5 92.Kd5 Rc8 93.Qb2+ Ka6 94.Qb4 Ka7 95.Qa5+ Kb7 96.Qb5+ Kc7
97.Qc6+ Kb8 98.Qb6+ Ka8 99.Kd6 Rf8 100.Qa5+ Kb7 101.Qd5+ Kb6 102.Kd7 Rb8
103.Qb3+ Ka7 104.Qa4+ Kb6 105.Qb4+ Ka7 106.Qa5+ Kb7 107.Qc7+ Ka8 108.Kc6 Rb6+
109.Kc5 Rb5+ 110.Kxb5  1/2-1/2

[Event "European Ind w 2012"]
[Site "Gaziantep TUR"]
[Date "2012.03.11"]
[Round "9"]
[White "Pogonina,N"]
[Black "Lahno,Kateri"]
[Result "0-1"]
[WhiteElo "2449"]
[BlackElo "2546"]

1.e4 d6 2.d4 Nf6 3.Nc3 g6 4.Be3 a6 5.Qd2 b5 6.f3 Nbd7 7.a4 b4 8.Nd1 a5 9.Bb5 Bb7
10.Ne2 c6 11.Bd3 Bg7 12.Bh6 O-O 13.Bxg7 Kxg7 14.Ne3 c5 15.c3 cxd4 16.cxd4 e5
17.Bb5 Nb6 18.O-O Qe7 19.Ng3 Kh8 20.Rfe1 Rac8 21.Rac1 Rxc1 22.Rxc1 Rc8 23.Rd1 Ne8
24.Ne2 Bc6 25.Bxc6 Rxc6 26.b3 Rc8 27.Qd3 Qa7 28.Kf2 f6 29.Rd2 Kg7 30.Ke1 Kf7
31.Kd1 Ke7 32.Rc2 Rxc2 33.Kxc2 Nc7 34.f4 Ne6 35.f5 Qc7+ 36.Kb2 Nf4 37.Nxf4 exf4
38.Ng4 h5 39.Nf2 g5 40.h3 Qc6 41.Qc2 Qxc2+ 42.Kxc2 d5 43.Kd3 Kd6 44.Ke2 Nc8
45.Kd2 Ne7 46.Kd3 Kc6 47.exd5+ Nxd5 48.Ne4 g4 49.hxg4 hxg4 50.g3 Ne7 51.gxf4 Nxf5
52.d5+ Kc7 53.d6+ Nxd6 54.Nxf6 g3 55.Nd5+ Kc6 56.Ne7+ Kc5 57.Ke3 Ne4 58.Kf3 Nd2+
59.Kxg3 Nxb3 60.Kf3 Nd4+ 61.Ke4 b3 62.Nd5 Ne2  0-1

[Event "European Ind w Rapid 2012"]
[Site "Gaziantep TUR"]
[Date "2012.03.15"]
[Round "4"]
[White "Dzagnidze,N"]
[Black "Lahno,Kateri"]
[Result "1-0"]
[WhiteElo "2559"]
[BlackElo "2546"]

1.d4 Nf6 2.c4 g6 3.Nc3 d5 4.Nf3 Bg7 5.Bf4 O-O 6.e3 c5 7.dxc5 Qa5 8.Rc1 dxc4
9.Bxc4 Qxc5 10.Bb3 Nc6 11.O-O Qa5 12.h3 Bf5 13.Qe2 Ne4 14.Nd5 e5 15.Bg5 Nxg5
16.Nxg5 Qd8 17.Nf3 e4 18.Nh2 Ne5 19.Rfd1 Nd3 20.Rc2 a5 21.Nc3 Qb6 22.g4 Be6
23.Nxe4 Bxb3 24.axb3 Ne5 25.Nc5 Rac8 26.Rdc1 Rfd8 27.Nf3 Nxf3+ 28.Qxf3 Qb5
29.Nxb7 Rxc2 30.Rxc2 Rb8 31.Rc7 Qxb3 32.Nxa5 Qe6 33.Nc6 Re8 34.b4 Bf8 35.Nd4 Qa2
36.b5 Bd6 37.Qc6 Bxc7 38.Qxe8+ Kg7 39.Qc6 Be5 40.Nf3 Bb8 41.b6 Qa6 42.Nd4 Be5
43.Qd5 Bb8 44.b7 h5 45.gxh5 gxh5 46.Qg5+ Kh7 47.Qxh5+ Kg8 48.Qg4+ Kh7 49.Nf5 Qa1+
50.Kg2 Qb2 51.Qh5+ Kg8 52.Qg5+ Kh7 53.e4 Ba7 54.Qh6+ Kg8  1-0

[Event "European Ind w Rapid 2012"]
[Site "Gaziantep TUR"]
[Date "2012.03.15"]
[Round "6"]
[White "Paehtz,E"]
[Black "Lahno,Kateri"]
[Result "1/2-1/2"]
[WhiteElo "2459"]
[BlackElo "2546"]

1.e4 e5 2.Nf3 Nc6 3.Bc4 Bc5 4.c3 Nf6 5.d3 a6 6.Bb3 d6 7.h3 O-O 8.Nbd2 Be6
9.Bc2 Ba7 10.Qe2 d5 11.Ng5 Bc8 12.Nf1 h6 13.Nf3 dxe4 14.dxe4 Be6 15.Ne3 Nh5
16.g3 Qd7 17.Nh4 Nf6 18.Nef5 Ne7 19.g4 Nh7 20.Bd2 Ng6 21.O-O-O Qb5 22.Bd3 Qa4
23.Nxg6 fxg6 24.Ne7+ Kf7 25.Nd5 Kg8 26.Ne7+ Kf7 27.Nd5 Kg8 28.Ne7+  1/2-1/2

[Event "European Ind w Rapid 2012"]
[Site "Gaziantep TUR"]
[Date "2012.03.15"]
[Round "8"]
[White "Stefanova,A"]
[Black "Lahno,Kateri"]
[Result "1-0"]
[WhiteElo "2531"]
[BlackElo "2546"]

1.d4 Nf6 2.Nf3 g6 3.g3 Bg7 4.Bg2 d5 5.O-O O-O 6.Be3 Bf5 7.h3 Nbd7 8.Nbd2 Ne4
9.Nh4 Nxd2 10.Qxd2 Be6 11.Bh6 c6 12.Bxg7 Kxg7 13.Kh2 Qc7 14.Nf3 Nf6 15.c3 Ne4
16.Qe3 a5 17.Ne5 Nd6 18.a4 Qb6 19.Nd3 Nc4 20.Qg5 Bf5 21.Rfe1 f6 22.Qc1 e5
23.Nc5 e4 24.b3 Nd6 25.Qf4 Qd8 26.f3 g5 27.Qxf5 Nxf5 28.Ne6+ Kf7 29.Nxd8+ Raxd8
30.fxe4 Ne3 31.exd5 cxd5 32.Rac1 f5 33.Kg1 Rd6 34.Kf2 f4 35.gxf4 gxf4 36.Bf3 Rc8
37.b4 b6 38.bxa5 bxa5 39.Rb1 Rc4 40.Rb7+ Kf6 41.Rxh7 Rxa4 42.Rg1 Nf5 43.Rg4 Ra3
44.Rxf4 Kg6 45.Rh5 Ne7 46.Re5 Rd7 47.h4 Rxc3 48.Rg5+ Kh7 49.Rf7+ Kh6 50.Rgg7 Rcc7
51.Rh7+ Kg6 52.Bh5+  1-0

[Event "European Ind w Rapid 2012"]
[Site "Gaziantep TUR"]
[Date "2012.03.15"]
[Round "11"]
[White "Lahno,Kateri"]
[Black "Muzychuk,M"]
[Result "1-0"]
[WhiteElo "2546"]
[BlackElo "2490"]

1.Nf3 c5 2.c4 Nc6 3.Nc3 e5 4.e3 Nf6 5.d4 cxd4 6.exd4 e4 7.Ne5 Bb4 8.Be2 O-O
9.O-O Qe7 10.Bf4 Bxc3 11.bxc3 d6 12.Nxc6 bxc6 13.Qa4 Bd7 14.Qa3 c5 15.Qa6 e3
16.Qxd6 Qxd6 17.Bxd6 exf2+ 18.Rxf2 Rfe8 19.Bf3 Ne4 20.Bxe4 Rxe4 21.Bxc5 Be6
22.d5 Rxc4 23.dxe6 Rxc5 24.Rxf7 Re5 25.Rb1 Rxe6 26.Rbb7 Rg6 27.Rxa7 Rc8 28.Rf3 Rgc6
29.Ra3 Rd6 30.Rb3 Rd1+ 31.Rf1 Rd2 32.a3 h6 33.Rfb1 Kh7 34.R3b2 Rxb2 35.Rxb2 Rxc3
36.Ra2 Rc5 37.a4 Ra5 38.Kf2 Kg6 39.Ke3 Kf5 40.Kd4 g5 41.Kc4 h5 42.Kb4 Ra8
43.a5 g4 44.a6 Ke6 45.a7 Kd6 46.Kb5 Kc7 47.Ka6 Rf8 48.Rc2+ Kd7 49.Kb7  1-0

[Event "European Ind w Rapid 2012"]
[Site "Gaziantep TUR"]
[Date "2012.03.16"]
[Round "7"]
[White "Lahno,Kateri"]
[Black "Batsiashvili,N"]
[Result "1-0"]
[WhiteElo "2546"]
[BlackElo "2438"]

1.e4 c6 2.d4 d5 3.Nc3 dxe4 4.Nxe4 Bf5 5.Ng3 Bg6 6.N1e2 e6 7.Nf4 Bd6 8.c3 Nf6
9.h4 Bxf4 10.Bxf4 h6 11.Qb3 Qb6 12.Qa3 Nbd7 13.Be2 Qd8 14.h5 Bh7 15.O-O Nd5
16.Bd6 N7f6 17.c4 Ne7 18.Bf3 Nc8 19.Bc5 Nd7 20.d5 Nxc5 21.Qxc5 Qe7 22.Qd4 cxd5
23.Qxg7 Qf8 24.Qf6 Nb6 25.cxd5  1-0

[Event "TCh-CHN 2012"]
[Site "Beijing CHN"]
[Date "2012.04.28"]
[Round "1"]
[White "Lahno,Kateri"]
[Black "Ding Yixin"]
[Result "1-0"]
[WhiteElo "2546"]
[BlackElo "2350"]

1.c4 Nf6 2.Nf3 g6 3.Nc3 Bg7 4.e4 c5 5.d4 cxd4 6.Nxd4 d6 7.Be2 Nc6 8.Be3 Bd7
9.O-O O-O 10.Qd2 a6 11.f3 Qa5 12.Nb3 Qc7 13.Rac1 Ne5 14.Nd5 Nxd5 15.cxd5 Qd8
16.f4 Ng4 17.Bxg4 Bxg4 18.f5 gxf5 19.exf5 e6 20.fxe6 fxe6 21.Qb4 Bf5 22.dxe6 Qe7
23.Bd4 Bxe6 24.Bxg7 Qxg7 25.Qxd6 Bxb3 26.axb3 Qxb2 27.Qd5+ Kh8 28.Qxb7 Rab8
29.Qd5 Rfd8 30.Qe4 Re8 31.Qf4 Rxb3 32.Rc7 Rg8 33.Rxh7+ Kxh7 34.Qh4+ Kg6 35.Qg4+ Kh6
36.Qxg8 Qd4+ 37.Kh1 Rb6 38.Qf8+ Kg6 39.Qf5+ Kg7 40.Qf7+ Kh6 41.h3 a5 42.Qf8+ Qg7
43.Qf2 Rb4 44.Qd2+ Kg6 45.Qd6+ Kg5 46.Qd5+ Kh4 47.Qd8+ Kh5 48.Qxa5+  1-0

[Event "TCh-CHN 2012"]
[Site "Beijing CHN"]
[Date "2012.04.30"]
[Round "3"]
[White "Lahno,Kateri"]
[Black "Tan Zhongyi"]
[Result "1/2-1/2"]
[WhiteElo "2546"]
[BlackElo "2438"]

1.e4 c5 2.Nf3 Nc6 3.d4 cxd4 4.Nxd4 g6 5.c4 Nf6 6.Nc3 Nxd4 7.Qxd4 d6 8.Bg5 Bg7
9.Qd2 O-O 10.Bd3 a5 11.O-O a4 12.Rad1 Qa5 13.Rfe1 Be6 14.Nd5 Bxd5 15.exd5 Qxd2
16.Rxd2 Rfe8 17.Rde2 Kf8 18.Bxf6 Bxf6 19.f4 h5 20.Kf2 Rec8 21.Kf3 Rc7 22.g3 Kg7
23.h3 Rh8 24.Kg2 b6 25.g4 hxg4 26.hxg4 g5 27.fxg5 Bxg5 28.Rf1 Bf6 29.Ref2 Kf8
30.Re2  1/2-1/2

[Event "72nd ch-UKR w 2012"]
[Site "Kharkiv UKR"]
[Date "2012.09.25"]
[Round "1.3"]
[White "Lahno,Kateri"]
[Black "Zhukova,N"]
[Result "1/2-1/2"]
[WhiteElo "2542"]
[BlackElo "2442"]

1.c4 e6 2.g3 d5 3.Bg2 Nf6 4.Nf3 c5 5.O-O Nc6 6.cxd5 exd5 7.d4 Be7 8.Nc3 O-O
9.dxc5 Bxc5 10.a3 Ne4 11.Qd3 Nxc3 12.Qxc3 Be7 13.Nd4 Nxd4 14.Qxd4 Be6 15.Bf4 Bf6
16.Be5 Bxe5 17.Qxe5 Qb6 18.Rfd1 Rac8 19.Rd2 f6 20.Qe3 Qxe3 21.fxe3 Rc5 22.Rad1 Kf7
23.Bxd5 Bxd5 24.Rxd5 Rxd5 25.Rxd5 Ke6 26.Rc5 Kd6 27.Rc4 Re8 28.Kf2 Re5 29.e4 a5
30.Ke3 Rh5 31.h4 b6 32.Kd3 Re5 33.Rd4+ Kc6 34.b3 Rb5 35.Kc3 Re5 36.Kd3 Rb5
37.Kc3 Re5 38.Kd3  1/2-1/2

[Event "72nd ch-UKR w 2012"]
[Site "Kharkiv UKR"]
[Date "2012.09.26"]
[Round "2.2"]
[White "Gritsayeva,O"]
[Black "Lahno,Kateri"]
[Result "1/2-1/2"]
[WhiteElo "2319"]
[BlackElo "2542"]

1.e4 c5 2.Nf3 e6 3.c3 d5 4.exd5 Qxd5 5.d4 Nf6 6.Na3 Nc6 7.Nb5 Qd8 8.dxc5 Bxc5
9.Qxd8+ Kxd8 10.Bf4 a6 11.Rd1+ Bd7 12.Nd6 Bxd6 13.Bxd6 Ne4 14.Ba3 Kc7 15.Bd3 Nf6
16.Ng5 Be8 17.O-O h6 18.Ne4 Nxe4 19.Bxe4 Rd8 20.b3 Rxd1 21.Rxd1 Bd7 22.c4 Re8
23.f4  1/2-1/2

[Event "72nd ch-UKR w 2012"]
[Site "Kharkiv UKR"]
[Date "2012.09.27"]
[Round "3.3"]
[White "Lahno,Kateri"]
[Black "Gaponenko,I"]
[Result "1-0"]
[WhiteElo "2542"]
[BlackElo "2404"]

1.e4 Nf6 2.e5 Nd5 3.d4 d6 4.Nf3 Bg4 5.Be2 e6 6.O-O Be7 7.c4 Nb6 8.Nc3 O-O
9.Be3 d5 10.c5 Bxf3 11.gxf3 Nc8 12.b4 c6 13.f4 f5 14.Kh1 b6 15.Rg1 g6 16.a4 a5
17.b5 bxc5 18.dxc5 Nd7 19.bxc6 Nxc5 20.Nb5 Kf7 21.Rc1 Na6 22.c7 Qd7 23.Qb3 Nb4
24.Rgd1 Rg8 25.Rd2 Rh8 26.Qc3 Rg8 27.Nd4 Na7 28.Nxe6 Kxe6 29.Bxa7 Rxa7 30.c8=Q Rxc8
31.Qxc8 Qxc8 32.Rxc8 g5 33.fxg5 Bxg5 34.Rd1 Kxe5 35.Kg2 Be7 36.Kf3 d4 37.Bc4 Nd5
38.Re1+ Kd6 39.Rd1 Ke5 40.Bxd5 Kxd5 41.Rb8 Bb4 42.Rd8+ Kc4 43.R8xd4+ Kb3
44.Rb1+ Kxa4 45.Rdxb4+  1-0

[Event "72nd ch-UKR w 2012"]
[Site "Kharkiv UKR"]
[Date "2012.09.28"]
[Round "4.4"]
[White "Lahno,Kateri"]
[Black "Andrenko,I"]
[Result "1/2-1/2"]
[WhiteElo "2542"]
[BlackElo "2228"]

1.d4 Nf6 2.c4 g6 3.Nc3 Bg7 4.e4 d6 5.Nf3 O-O 6.Be2 c5 7.O-O Re8 8.d5 e6 9.Bd3 exd5
10.exd5 Bg4 11.h3 Bxf3 12.Qxf3 Nbd7 13.Qd1 Nf8 14.Bd2 N6d7 15.g4 Ne5 16.Be2 f5
17.g5 Nf7 18.f4 h6 19.h4 hxg5 20.hxg5 Bxc3 21.bxc3 Re7 22.Kg2 Qd7 23.Bd3 Rae8
24.a4 a5 25.Rh1 Nd8 26.Kf2 Rh7 27.Qb3 Rxh1 28.Rxh1 Qc7 29.Qb5 Re7 30.Rh6 Nf7
31.Rh1 Nd8 32.Rh6 Nf7 33.Rh1  1/2-1/2

[Event "72nd ch-UKR w 2012"]
[Site "Kharkiv UKR"]
[Date "2012.09.29"]
[Round "5.2"]
[White "Kononenko,T"]
[Black "Lahno,Kateri"]
[Result "0-1"]
[WhiteElo "2374"]
[BlackElo "2542"]

1.d4 Nf6 2.c4 g6 3.Nc3 Bg7 4.e4 d6 5.f3 O-O 6.Be3 Nc6 7.Nge2 a6 8.Qd2 Na5
9.Ng3 b5 10.c5 dxc5 11.dxc5 Be6 12.Qc2 b4 13.Rd1 Qe8 14.Nd5 Bxd5 15.exd5 e6
16.d6 Nd5 17.Bd4 Bxd4 18.Rxd4 cxd6 19.cxd6 Qd8 20.Qa4 Qb6 21.Ne2 Rfd8 22.h4 Rxd6
23.h5 Nc6 24.Rd2 Rad8 25.hxg6 hxg6 26.Qb3 Ne3 27.Rxd6 Rxd6 28.Kf2 Nf5+ 29.Ke1 Qc5
30.Rh3 Ne3 31.Kf2 Rd1  0-1

[Event "72nd ch-UKR w 2012"]
[Site "Kharkiv UKR"]
[Date "2012.09.30"]
[Round "6.3"]
[White "Lahno,Kateri"]
[Black "Muzychuk,M"]
[Result "1/2-1/2"]
[WhiteElo "2542"]
[BlackElo "2466"]

1.e4 c5 2.Nf3 e6 3.g3 d5 4.exd5 exd5 5.d4 Nc6 6.Bg2 Bg4 7.O-O Bxf3 8.Qxf3 Nxd4
9.Qd3 Nf6 10.Nc3 Be7 11.Bg5 O-O 12.Bxf6 Bxf6 13.Nxd5 Ne6 14.Qb5 Rb8 15.Rad1 a6
16.Nxf6+ Qxf6 17.Qb6 Rfd8 18.c3 Qe7 19.Rfe1 Kf8 20.Rd5 Rd7 21.Rxd7 Qxd7 22.Bh3 Qd8
23.Qa7 Qc7 24.Bxe6 Re8 25.b4 cxb4 26.cxb4 Rxe6 27.Qa8+ Ke7 28.Rxe6+ Kxe6
29.Qg8 Qc1+ 30.Kg2 Qc6+ 31.Kg1 Qc1+ 32.Kg2 Qc6+  1/2-1/2

[Event "72nd ch-UKR w 2012"]
[Site "Kharkiv UKR"]
[Date "2012.10.03"]
[Round "9.1"]
[White "Rakhmangulova,A"]
[Black "Lahno,Kateri"]
[Result "0-1"]
[WhiteElo "2254"]
[BlackElo "2542"]

1.e4 c5 2.Nf3 e6 3.d3 Nc6 4.c3 Nf6 5.Be2 Qc7 6.Nbd2 d5 7.Qc2 Be7 8.O-O O-O
9.Re1 b5 10.a3 Bb7 11.exd5 Nxd5 12.Ne4 Rfd8 13.Bf1 a5 14.Bg5 f6 15.Bh4 e5
16.d4 cxd4 17.cxd4 Nxd4 18.Nxd4 exd4 19.Qxc7 Nxc7 20.Bg3 Rac8 21.Bxc7 Rxc7
22.Bxb5 Bd5 23.Nd2 Rb8 24.a4 Bb4 25.Red1 Rc2 26.Nf3 Bxf3 27.gxf3 Rxb2 28.Rxd4 Bc5
29.Rd5 Bxf2+ 30.Kh1 Rc8 31.Bd7 Rcc2 32.Bf5 Rd2 33.Rd1 Rxd1+ 34.Rxd1 g6 35.Be6+ Kg7
36.Rd7+ Kh6 37.Rd5 Bb6 38.Rd7 f5 39.Bg8 Kg5 40.Rxh7 Kf4 41.Bd5 Ke3 42.Rg7 Kf2
43.h3 Rb1+ 44.Kh2 Be3  0-1

[Event "17th European Club Cup w"]
[Site "Eilat ISR"]
[Date "2012.10.11"]
[Round "1.2"]
[White "Lahno,Kateri"]
[Black "Kovanova,B"]
[Result "1-0"]
[WhiteElo "2551"]
[BlackElo "2408"]

1.c4 Nf6 2.g3 e6 3.Bg2 d5 4.Nf3 dxc4 5.Qa4+ Nbd7 6.Qxc4 a6 7.Qc2 c5 8.Nc3 Be7
9.O-O O-O 10.Rd1 e5 11.e3 Qa5 12.d4 cxd4 13.exd4 exd4 14.Nxd4 Nb6 15.Bf4 Bb4
16.Re1 Bxc3 17.bxc3 Nfd5 18.Bd6 Rd8 19.c4 Bg4 20.c5 Rac8 21.Qe4 Nf6 22.Qf4 Re8
23.Rec1 Na4 24.Bxb7 Nxc5 25.Nc6 Rxc6 26.Bxc6 Nd3 27.Qa4 Qxa4 28.Bxa4 Nxc1
29.Bxe8 Nxe8 30.Rxc1 Nxd6 31.Rc6 Nc8 32.Rxa6 Kf8 33.a4 Bf3 34.Ra5 Ke7 35.Rc5 Kd7
36.Rf5 Bc6 37.Rxf7+ Kd6 38.a5  1-0

[Event "17th European Club Cup w"]
[Site "Eilat ISR"]
[Date "2012.10.12"]
[Round "2.4"]
[White "Lahno,Kateri"]
[Black "Koneru,H"]
[Result "1/2-1/2"]
[WhiteElo "2551"]
[BlackElo "2607"]

1.e4 e5 2.Nf3 Nc6 3.d4 exd4 4.Nxd4 Bc5 5.Nxc6 bxc6 6.Bd3 Qh4 7.Qe2 Nf6 8.Be3 Bxe3
9.Qxe3 O-O 10.Nc3 Re8 11.O-O-O Ng4 12.Qf4 d6 13.f3 Qh6 14.Qxh6 Nxh6 15.g4 f6
16.Bc4+ Nf7 17.Bb3 Kf8 18.h3 Ng5 19.Rdf1 Ne6 20.Bc4 Rb8 21.a3 Nf4 22.Ne2 Nxe2+
23.Bxe2 c5 24.Bc4 Be6 25.Bxe6 Rxe6 26.b3 Re5 27.Re1 c4 28.bxc4 Rc5 29.Kd2 Rxc4
30.Rb1 Rb6 31.Rb3 Ke7 32.Rc3 Rd4+ 33.Ke3 c5 34.h4 Ra4 35.Rd1 g6 36.Rdd3 f5
37.gxf5 gxf5 38.Rd5 fxe4 39.fxe4 Rba6 40.Rh5 Rxa3 41.Rxh7+ Kf6 42.Rd3 Rxd3+
43.cxd3 Ra1 44.h5 a5 45.h6 Rh1 46.Ra7 Rxh6 47.Rxa5 Rh2 48.Ra8  1/2-1/2

[Event "17th European Club Cup w"]
[Site "Eilat ISR"]
[Date "2012.10.13"]
[Round "3.1"]
[White "Gunina,V"]
[Black "Lahno,Kateri"]
[Result "1-0"]
[WhiteElo "2514"]
[BlackElo "2551"]

1.d4 Nf6 2.c4 g6 3.g3 c6 4.Bg2 d5 5.Nf3 Bg7 6.O-O O-O 7.cxd5 cxd5 8.Ne5 e6
9.Nc3 Nfd7 10.f4 Nc6 11.Be3 Nb6 12.Bf2 Bd7 13.e4 Ne7 14.Nxd7 Qxd7 15.e5 Rac8
16.Rc1 Rc7 17.b3 Rfc8 18.Qd2 a6 19.g4 Bh6 20.Be3 Nc6 21.Ne2 Bf8 22.f5 Ba3
23.Rc2 Nd8 24.Rxc7 Qxc7 25.Bh6 Qe7 26.Nf4 Qh4 27.g5 gxf5 28.Ne2 Nc6 29.Kh1 Bb4
30.Qe3 Ne7 31.a3 Bxa3 32.Qd2 Nc6 33.Rf4 Qh5 34.Ng3 Qg6 35.Bf3 Kh8 36.Nh5 Nd7
37.Ng7 Nb4 38.Bh5 Rc1+ 39.Kg2 Rc2 40.Qxc2 Nxc2 41.Bxg6 hxg6 42.Ne8 Kg8 43.Rh4 Bf8
44.Bxf8 Nxf8 45.Nf6+ Kg7 46.Kf2 b5 47.Ke2 b4 48.Kd2 Na3 49.Rh3 Nb5 50.Kd3 Nc3
51.Rf3 Nh7 52.Nxh7 Kxh7 53.Rf1 Ne4 54.h4 Ng3 55.Rf2 Ne4 56.Ra2 f4 57.Rxa6 f3
58.Ke3 f2 59.Ke2 Kg7 60.Rb6 Nd2 61.Kxf2 Nxb3 62.Rxb4 Nd2 63.Rb8 Ne4+ 64.Kf3 Nd2+
65.Kf4 Ne4 66.Rc8 Nd2 67.Rc7 Ne4 68.Rc2 Kf8 69.Re2 Nc3 70.Rg2 Kg7 71.Kg4 Nd1
72.Kf3 Nc3 73.Kf4 Nb5 74.Rd2 Kh7 75.Kg4 Nc3 76.h5 Ne4 77.Rg2 gxh5+ 78.Kxh5 Kg7
79.g6 fxg6+ 80.Rxg6+ Kf7 81.Rg4 Nc3 82.Rf4+ Ke7 83.Kg6 Ne2 84.Rh4 Ng3 85.Rh7+  1-0

[Event "17th European Club Cup w"]
[Site "Eilat ISR"]
[Date "2012.10.16"]
[Round "6.3"]
[White "Bronnikova,E"]
[Black "Lahno,Kateri"]
[Result "0-1"]
[WhiteElo "2244"]
[BlackElo "2551"]

1.e4 c5 2.Nf3 d6 3.d4 cxd4 4.Nxd4 Nf6 5.Nc3 a6 6.Be2 e6 7.a4 Nc6 8.O-O Be7
9.Be3 O-O 10.f4 Qc7 11.Kh1 Re8 12.Bf3 Rb8 13.Qd2 Bd7 14.Nb3 b6 15.Qe2 Na5
16.Rad1 Nc4 17.Bc1 b5 18.axb5 axb5 19.e5 dxe5 20.fxe5 Qxe5 21.Qxe5 Nxe5 22.Bf4 Nxf3
23.Bxb8 Rxb8 24.Rxf3 Bc6 25.Re3 b4 26.Nd4 Bb7 27.Na4 Nd5 28.Ree1 Ra8 29.Ra1 g5
30.c3 Nf4 31.Nb6 Bxg2+ 32.Kg1 Rd8 33.Ra5 bxc3 34.bxc3 Bf6 35.Ra4 Bb7 36.Rb1 Bxd4+
37.cxd4 Ne2+ 38.Kf2 Nc3 39.Rbb4 Nxa4 40.Nxa4 Bd5 41.Nc3 Kg7 42.Kg3 Kg6 43.h4 h6
44.hxg5 hxg5 45.Nxd5 Rxd5 46.Kf3 Kf5  0-1

[Event "17th European Club Cup w"]
[Site "Eilat ISR"]
[Date "2012.10.17"]
[Round "7.3"]
[White "Efroimski,M"]
[Black "Lahno,Kateri"]
[Result "0-1"]
[WhiteElo "2162"]
[BlackElo "2551"]

1.e4 c5 2.Nc3 d6 3.f4 Nc6 4.Nf3 g6 5.Bc4 Bg7 6.O-O Nf6 7.Qe1 O-O 8.d3 Nd4
9.Nxd4 cxd4 10.Nd5 Nxd5 11.Bxd5 Qc7 12.Bb3 a5 13.a4 Be6 14.Bxe6 fxe6 15.Rf2 Rac8
16.Ra3 b6 17.Rb3 Qd7 18.Rb5 Rc6 19.Qe2 Rfc8 20.Kf1 Bh6 21.Ke1 Rc5 22.Rxc5 Rxc5
23.Qg4 Bg7 24.Kd1 Kf7 25.Qh3 Rh5 26.Qf3 Rxh2 27.Rf1 Kg8 28.f5 exf5 29.exf5 gxf5
30.Bf4 Rh4 31.Bg5 Rg4 32.Qa8+ Kf7 33.Qd5+ e6 34.Rxf5+ Kg6 35.Rf7 Qxf7  0-1

[Event "SportAccord Blindfold Women 2012"]
[Site "Beijing CHN"]
[Date "2012.12.19"]
[Round "5.2"]
[White "Hou Yifan"]
[Black "Lahno,Kateri"]
[Result "1-0"]
[WhiteElo "2606"]
[BlackElo "2553"]

1.e4 e6 2.d4 d5 3.Nc3 Bb4 4.a3 Bxc3+ 5.bxc3 dxe4 6.Qg4 Nf6 7.Qxg7 Rg8 8.Qh6 Nbd7
9.Ne2 c5 10.a4 Qc7 11.Qf4 e5 12.dxe5 Qxe5 13.a5 Nd5 14.Qxe5+ Nxe5 15.Nf4 Nxf4
16.Bxf4 Ng6 17.Be3 Be6 18.O-O-O b6 19.Bb5+ Ke7 20.Bc6 Rac8 21.Bxe4 bxa5 22.Rhe1 Rgd8
23.Rxd8 Kxd8 24.h4 f5 25.Bb7 Rb8 26.Bf3 Ba2 27.Kd2 Rb1 28.Rxb1 Bxb1 29.Bd5 Kd7
30.h5 Ne7 31.Bc4 Nc8 32.Kc1 Nb6 33.Bg8 f4  1-0

[Event "SportAccord Blindfold Women 2012"]
[Site "Beijing CHN"]
[Date "2012.12.19"]
[Round "6.5"]
[White "Muzychuk,A"]
[Black "Lahno,Kateri"]
[Result "1/2-1/2"]
[WhiteElo "2586"]
[BlackElo "2553"]

1.f4 d5 2.Nf3 g6 3.g3 Bg7 4.Bg2 c6 5.O-O Qb6+ 6.d4 Nh6 7.c3 Nd7 8.Ne5 Nf5
9.Qb3 Nd6 10.Nd2 Nf6 11.h3 h5 12.Re1 Be6 13.Kh2 Qc7 14.Ndf3 Nfe4 15.Nd2 Nf6
16.Ndf3 Nfe4 17.Nd2 Nf6  1/2-1/2